Západný Balkán s dôrazom na Bosnu a Hercegovinu a Kosovo

Bibliographic Details
Main Author: Nečej, Elemír (Author)
Format: Article
Language:Slovak
ISBN:9788089423002
Subjects:
Online Access:http://www.domarmady.sk

MARC

LEADER 00000naa a2200000 a 4500
001 vtls010125664
003 SK-MaSNL
005 20260302143706.0
008 140429c2009 xo ||||||||||||00 b|slo
015 |a SNBRA2010/08  |2 snkbucl 
038 |a SNKBUCL 
040 |a SNKBUCL  |b slo  |c SNKBUCL  |e AACR2 
041 0 |a slo 
044 |a xo  |c SK 
080 |a 304.2  |x (497.15)  |x (497.115)  |2 2001 
080 |a 323.22/.28  |x (497.15)  |x (497.115)  |2 2001 
080 |a 316.347  |x (497.15)  |x (497.115)  |2 2001 
100 1 |a Nečej, Elemír  |4 aut  |9 347183 
245 1 0 |a Západný Balkán s dôrazom na Bosnu a Hercegovinu a Kosovo  |c Elemír Nečej 
500 |a Pozn. pod čiarou 
504 |a Bibliogr. odkazy 
650 0 7 |a vnútropolitický vývoj  |2 snkbucl  |9 88635 
650 0 7 |a medzietnické vzťahy  |2 snkbucl  |9 833929 
650 0 7 |a náboženské vzťahy  |2 snkbucl  |9 833930 
650 0 7 |a sociálna dynamika  |2 snkbucl  |9 833931 
651 7 |a Kosovo  |2 snkbucl  |9 112264 
651 7 |a Bosna a Hercegovina  |2 snkbucl  |9 145820 
655 7 |a analýzy  |2 snkbucl  |9 22242 
773 0 |t Vojenská osveta 2/2009  |d Trenčín : Kultúrne a metodické centrum OS SR, 2009,  |g S. 25-36  |z 9788089423002 
852 |a SNK  |b KIS3GCP 
856 4 1 |u http://www.domarmady.sk 
958 |a BH 
958 |a NB 
999 |c 1345764  |d 1347694